LEADER 01734nam a2200349 a 4500 001 000000158423 003 CaOOAMICUS 005 20170131112723.0 008 170131s2017 it u000 u eng r 020 $a978-94-6236-722-7 (Eleven International Publishing)* 020 $a978-88-921-0578-2 (G. Giappichelli)* 032 $aLibriCat 040 $aPUL$bita 082 04$a344.01 100 1 $aStaiano, Fulvia.$0(OLS)http://pul/name/101174 245 14$aThe human rights of migrant women in international and European law /$cFulvia Staiano. 260 $aTorino :$bG. Giappichelli,$cİ2017$aThe Hague :$bEleven International Publishing,$cİ2017. 300 $aXXXI, 119 p. ;$c24 cm. 500 $aIn testa al front.: European University Institute. 650 4$aImmigrazione$zEuropa.$0(OLS)http://pul/subject/44220 650 4$aImmigrazione$xLegislazione.$0(OLS)http://pul/subject/40478 710 2 $aEuropean University Institute.$0(OLS)http://pul/name/53874 850 $aPUL 852 $aPUL$W1$xSL Diritto e Scienze Sociali 3$y79$m344. 01 STAFU 1$j181745$qDDC 21$B184903$CPULBib$Z2$F184903 $H128884 $81 941 1 $a9 996 $6020$a978-94-6236-722-7 (Eleven International Publishing)*$9(OLS)http://pul/number/161992 996 $6020$a978-88-921-0578-2 (G. Giappichelli)*$9(OLS)http://pul/number/161991 996 $6082$a344.01$9(OLS)http://pul/classification/1870 996 $6245$aThe human rights of migrant women in international and European law$9(OLS)http://pul/title/198044 996 $6260$aTorino :$bG. Giappichelli$9(OLS)http://pul/publisher/49130 996 $6260$aThe Hague :$bEleven International Publishing$9(OLS)http://pul/publisher/85990 LEADER 01620nam a2200349 a 4500 001 000000133446 003 CaOOAMICUS 005 20130409140426.0 008 130409s2012 it u000 u ita r 020 $a978-88-13-32295-3 040 $aPUL$bita 082 04$a345.4505 100 1 $aConso, Giovanni.$0(OLS)http://pul/name/15769 245 10$aCommentario breve al codice di procedura penale :$bcomplemento giurisprudenziale, appendice di aggiornamento 2012 /$cGiovanni Conso, Vittorio Grevi ; a cura di Livia Giuliani . 250 $a7. ed. 260 $aPadova :$bCEDAM,$c2012. 300 $aXXIII, 406 p. ;$c24 cm 490 1 $aBreviaria Iuris ;$v6 500 $aTesto su due colonne. 630 04$aCodice di procedura penale$zItalia.$0(OLS)http://pul/subject/20312 650 4$aProcedura penale$zItalia.$0(OLS)http://pul/subject/12686 700 1 $aGrevi, Vittorio.$0(OLS)http://pul/name/15770 700 1 $aGiuliani, Livia,$d1966-$0(OLS)http://pul/name/84262 830 0$aBreviaria Iuris ;$v6.$0(OLS)http://pul/title/8521 850 $aPUL 852 $aPUL$W1$xDP2 Diritto e Scienze Sociali 3$y110$m348. 45 COD 1.1.14.2$j153371$qDDC 21$B152931$CPULBib$Z2$F152931 $H121795 $82 941 1 $a9 996 $6020$a978-88-13-32295-3$9(OLS)http://pul/number/152332 996 $6082$a345.4505$9(OLS)http://pul/classification/385 996 $6245$aCommentario breve al codice di procedura penale :$bcomplemento giurisprudenziale, appendice di aggiornamento 2012$9(OLS)http://pul/title/168638 996 $6260$aPadova :$bCEDAM$9(OLS)http://pul/publisher/48126